La ocupación militar de Santo Domingo por Estados Unidos de América (1916-1924) / (Registro nro. 14191)

Detalles MARC
000 -LEADER
fixed length control field 02337nam a2200289 a 4500
003 - CONTROL NUMBER IDENTIFIER
control field OSt
005 - DATE AND TIME OF LATEST TRANSACTION
control field 20220509082507.0
008 - FIXED-LENGTH DATA ELEMENTS--GENERAL INFORMATION
fixed length control field 121115s2018 dr ac 000 0 spa d
020 ## - INTERNATIONAL STANDARD BOOK NUMBER
International Standard Book Number 9789945613049
040 ## - CATALOGING SOURCE
Original cataloging agency BPMSU
Language of cataloging spa
Transcribing agency BPMSU
082 ## - DEWEY DECIMAL CLASSIFICATION NUMBER
Classification number 972.93052
Item number N789o 2018
Edition number 22
100 1# - MAIN ENTRY--PERSONAL NAME
Personal name Nolasco, Sócrates,
Dates associated with a name 1884-1980
245 10 - TITLE STATEMENT
Title La ocupación militar de Santo Domingo por Estados Unidos de América (1916-1924) /
Statement of responsibility, etc. Sócrates Nolasco.
260 ## - PUBLICATION, DISTRIBUTION, ETC. (IMPRINT)
Place of publication, distribution, etc. Santo Domingo :
Name of publisher, distributor, etc. Archivo General de la Nación,
Date of publication, distribution, etc. 2018
300 ## - PHYSICAL DESCRIPTION
Extent 200 p. ;
Dimensions 23 cm.
Other physical details
490 0# - SERIES STATEMENT
Series statement Archivo General de la Nación,
Volume/sequential designation 333
500 ## - GENERAL NOTE
General note Incluye datos biográficos del autor en la solapa de la cubierta.
500 ## - GENERAL NOTE
General note Incluye referencias bibliográficas y notas al pie de páginas.
505 0# - FORMATTED CONTENTS NOTE
Formatted contents note Preámbulo 13 -- Oficio del secretario de Estado Dr. J. R. Ricourt 15 -- Introducción 17 -- Carta Núm. 1 del presidente Henríquez y Carvajal al Cónsul Dominicano en Puerto Rico 25 -- Remisión de las propuestas del Gobierno Dominicano 27 -- Escritos y declaraciones de divulgación. Las declaraciones del presidente Wilson y el caso de la República Dominicana 31 -- Los asuntos de Santo Domingo 37 -- Los Estados Unidos en sus relaciones con los pueblos débiles 43 -- El caso de la República Dominicana 49 -- Testimonio de gratitud 53 -- Entrevista del poeta E. Rivera Chevremont 55 -- Los Estados Unidos y el caso de Santo Domingo (informe anexo) 59 -- Una carta que nos honra 69 -- Comentarios a razones 73 -- La cuestión dominicana 81 -- Mr. Thomas Snowden censura 87 -- De la confianza a los hombres públicos 91 -- Nuevas declaraciones 97 -- Sto. Dgo. para nuevamente por las horas caudinas 103 -- Un nuevo plan (el llamado Plan Harding 107 -- Desocupación de Santo Domingo 109 -- Cartas del presidente Henríquez y comentarios 115 -- Catorce cartas del escritor don Tulio M. Cestero y comentario preliminar 133 -- Cartas varias 151 -- Índice onomástico 175
590 ## - LOCAL NOTE (RLIN)
Local note Inventariado, 2022/VM
651 #4 - SUBJECT ADDED ENTRY--GEOGRAPHIC NAME
Geographic name República Dominicana
General subdivision Historia
Chronological subdivision Ocupación estadounidense, 1916-1924
Geographic subdivision
651 #4 - SUBJECT ADDED ENTRY--GEOGRAPHIC NAME
Geographic name Estados Unidos
General subdivision Relaciones exteriores
Geographic subdivision República Dominicana
651 #4 - SUBJECT ADDED ENTRY--GEOGRAPHIC NAME
Geographic name República Dominicana
General subdivision Relaciones exteriores
Geographic subdivision Estados Unidos
710 2# - ADDED ENTRY--CORPORATE NAME
Corporate name or jurisdiction name as entry element Archivo General de la Nación (República Dominicana)
910 ## - USER-OPTION DATA (OCLC)
User-option data VMateo V.
942 ## - ADDED ENTRY ELEMENTS (KOHA)
Source of classification or shelving scheme Dewey Decimal Classification
Koha item type Libros
Existencias
Withdrawn status Lost status Source of classification or shelving scheme Damaged status Not for loan Collection code Home library Current library Date acquired Total Checkouts Full call number Barcode Date last seen Price effective from Koha item type
    Dewey Decimal Classification     Colección Dominicana Biblioteca Pública Metropolitana Salomé Ureña Biblioteca Pública Metropolitana Salomé Ureña 05/09/2022   BPMSU CD 972.93052 N789o 2018 BPMSU22050024 05/09/2022 05/09/2022 Libros